000 00754nam a22002057a 4500
999 _c11894
_d11894
003 AR-CdUCM
008 190405b ||||| |||| 00| 0 spa d
040 _aMUNICIPALIDAD PROVINCIAL DEL CUSCO
_cBIBLIOTECA MUNICIPAL DEL CUSCO
082 _a619 /
_bL68 / 1939
100 _aLipschutz, Alejandro
_929494
245 _aEl médico y la medicina experimental /
260 _aChile :
_bEditorial nascimento,
_c1939.
300 _a118 páginas ;
_c19 cm.
505 _aContenido: Medicina como ciencia y como acción -- patología experimental -- Las limitaciones de la patología experimental...
650 _aPatología
_98286
650 _aMedicina
_93637
650 _aMedicina experimental
_926348
942 _2ddc
_cLIBROS
945 _adavv
_d05/04/2019